| 000 | 00446nam a2200157Ia 4500 | ||
|---|---|---|---|
| 008 | 210716s2004 xx 000 0 und d | ||
| 020 | _a817273168X | ||
| 041 | _aeng | ||
| 082 | _a658.3 KRIG | ||
| 100 | _aKrishna, G R;Aquinas, P G. | ||
| 245 | _aPersonnel/human resource management: principles and practices. | ||
| 250 | _a1 | ||
| 260 |
_aNew Delhi _bAuthors Press _c2004 |
||
| 300 | _axxiii,364 | ||
| 650 | _aHuman Resource Management(658.3) | ||
| 999 |
_c199228 _d199228 |
||